[Event "Pennant A"]
[Site "Adelaide"]
[Date "1998.11.03"]
[Round "4.1"]
[White "Sykes, Alexander"]
[Black "Fraatz, Oliver"]
[Result "1-0"]
[WhiteElo "1904"]
[BlackElo "1696"]
[Annotator "Fritz 5.00 - Anderson-Smith,W"]
[PlyCount "65"]
[EventDate "1998.10.13"]
[EventType "team"]
[EventRounds "6"]
[EventCountry "AUS"]

1. d4 e6 2. c4 f5 {Dutch Defence} 3. g3 Nf6 4. Bg2 g6 (4... d6 5. Nc3 Be7 6. e4
fxe4 7. Nxe4 Nc6 8. Ne2 O-O 9. O-O Qe8 10. N2c3 e5 11. d5 Nd4 12. Be3 Nxe4 13.
Nxe4 Nf5 14. Qd2 Qg6 15. Rac1 h5 16. h3 h4 17. g4 Nxe3 18. fxe3 Bd7 19. Kh2 {
Douven,R-Rotshtein,E/Groningen op 1991/EXP 26/1-0 (41)}) 5. Qb3 $146 (5. Nc3
Bg7 6. e3 (6. Nf3 O-O 7. d5 Qe7 8. Bf4 Qc5 9. O-O Qxc4 10. Nd2 Qc5 11. Nb3 Qe7
12. d6 Qf7 13. dxc7 Nc6 14. Bd6 Re8 15. Nd2 Bf8 16. Nc4 e5 17. Qa4 a5 18. Rfd1
e4 19. f3 Kg7 20. fxe4 fxe4 {
Trifunovic,A-Mayers,D/Hastings Masters 1995/EXP 48/1-0 (41)}) 6... O-O 7. Nge2
d6 8. O-O c6 9. b3 e5 10. Ba3 exd4 11. Nxd4 Ne4 12. Nxe4 fxe4 13. Bxe4 Bh3 14.
Bg2 Bxg2 15. Kxg2 Qe7 16. Qg4 Rf6 17. Qc8+ Kf7 18. Rad1 Qd7 19. Qxd7+ Nxd7 {
Najdorf,M-Munoz Izcua/Montevideo 1954/MCL 02/1-0 (34)}) (5. Nf3 Bg7 6. O-O O-O
7. Qc2 Nc6 8. Rd1 Ne4 9. d5 Nb4 10. Qb3 Na6 11. dxe6 Nac5 12. Qc2 Nxe6 13. Nbd2
N4c5 14. Rb1 a5 15. b3 d6 16. Bb2 Qe7 17. Bxg7 Qxg7 18. e3 Bd7 19. Nd4 Ra7 {
Hansen,C-Johnsen,S/Gausdal Int 1990/TD 90\05/1-0 (46)}) 5... Nc6 6. Nf3 Qe7 7.
O-O Bg7 8. Bd2 O-O 9. d5 {White wins space} Nd8 10. Bc3 d6 {
Prevents intrusion on e5} 11. Na3 e5 12. c5 Ne4 ({Not} 12... dxc5 13. d6+ (13.
Bxe5 $6 Nf7 $11) 13... Qf7 14. dxc7 $14) 13. cxd6 cxd6 {
White gets strong play along the open c-file} ({Weaker is} 13... Qxd6 14. Bb4
Nc5 15. Qc4 $16) 14. Rac1 Nxc3 15. Qxc3 ({Worse is} 15. Rxc3 e4 16. Re3 Bh6 $17
) 15... e4 {Black gains space} 16. Nd4 Bd7 17. Qb4 a5 18. Qd2 Rc8 $14 (18...
Qe5 $5 19. Ndb5 Qxb2 20. Qxb2 Bxb2 $11) 19. Rxc8 Bxc8 20. Ndb5 Nf7 21. Nc4 Bd7
22. Qxa5 Rc8 23. Qb4 $11 {Increases the pressure on d6} (23. Nba3 $5 $14 {
should be investigated more closely}) 23... Bxb5 24. Qxb5 Rc5 25. Qb4 Rxd5 26.
a4 $15 (26. f3 exf3 27. Bxf3 Rc5 $11) 26... Qc7 27. b3 Rc5 28. Ne3 Bc3 29. Qa3
Qa5 $11 (29... Bd4 30. g4 $15) 30. Rd1 d5 31. h3 Ne5 $14 (31... d4 $5 32. Nc4
Qc7 $11) 32. Qa2 $11 (32. b4 $5 Qxb4 33. Qxb4 Bxb4 34. Nxd5 $11) 32... d4 $4
$18 {forfeits the clear win} (32... Nc6 $142 $11 {the only rescuing move}) 33.
b4+ (33. b4+ Kg7 34. Nxf5+ (34. bxc5 $6 {is a useless try} dxe3 35. f4 exf3 36.
Bxf3 Nxf3+ 37. exf3 Qxc5 38. Rd7+ Kh8 $16) 34... gxf5 35. bxa5 $18) 1-0

[Event "Pennant A"]
[Site "Adelaide"]
[Date "1998.11.03"]
[Round "4.2"]
[White "Amini, Amir"]
[Black "Sarma, Venu"]
[Result "1-0"]
[WhiteElo "1412"]
[BlackElo "1465"]
[Annotator "Fritz 5.00 - Anderson-Smith,W"]
[PlyCount "93"]
[EventDate "1998.10.13"]
[EventType "team"]
[EventRounds "6"]
[EventCountry "AUS"]

1. d4 Nf6 2. c4 e5 {Budapest Counter Gambit} 3. dxe5 Ng4 4. Bf4 $11 (4. Nf3 Nc6
5. Bf4 Bb4+ 6. Nbd2 Qe7 7. a3 Ngxe5 8. Nxe5 Nxe5 9. e3 Bxd2+ 10. Qxd2 d6 11.
Be2 O-O 12. O-O a5 13. e4 Ng6 14. Bd3 Nxf4 15. Qxf4 Re8 16. b3 Bd7 17. Rae1 Qe5
18. Qh4 Re6 19. Re3 Rh6 20. Qg3 Rg6 21. Qxe5 dxe5 22. f4 exf4 23. Rxf4 Rg5 24.
e5 Re8 25. Be4 Rgxe5 26. Rd3 Bc8 27. Bd5 Re1+ 28. Kf2 R1e2+ 29. Kf1 Re1+ 30.
Kf2 R1e2+ 31. Kf1 {1/2-1/2 Czebe,A-Kaposztas,M/Szekszard op 1994/EXP 45}) (4.
f4 Bc5 5. Nh3 d6 $14) 4... Bb4+ (4... Nc6 5. Nf3 Bb4+ 6. Nbd2 Qe7 7. e3 Ngxe5
8. Nxe5 (8. Be2 Nxf3+ 9. gxf3 O-O 10. a3 Bd6 11. Bxd6 Qxd6 12. Qc2 f5 13. f4
Qf6 14. Nf1 d6 15. Ng3 Kh8 16. Nh5 Qe7 17. Rg1 Rf7 18. Qc3 Be6 19. O-O-O Rg8
20. Rg5 Nb8 21. Bd3 Nd7 22. Rdg1 b6 23. Bc2 a5 24. b3 Nf6 25. Ng3 d5 26. Kb2
dxc4 27. Nxf5 Bxf5 28. Rxf5 Ne8 29. Re5 Qh4 30. Qxc4 Nd6 31. Qd5 Qxf2 32. Rg2
Qh4 33. Qd4 Rgf8 34. Rgg5 Qf2 35. Rh5 Rxf4 36. Rxh7+ Kg8 37. Rxg7+ Kxg7 38.
Re7+ Kh6 39. Qg7+ Kh5 40. Qg6+ {
1-0 Granda Zuniga,J-Sorin,A/Buenos Aires Najdorf 1996/TUR 96}) 8... Nxe5 9. Be2
O-O 10. O-O Bxd2 (10... Ng6 11. Bg3 Bd6 12. Bxd6 Qxd6 13. Ne4 Qe5 14. Nc3 b6
15. Qd5 Ba6 16. Qxe5 Nxe5 17. Nd5 c6 18. Nc7 Bxc4 19. Bxc4 Rac8 20. Nd5 cxd5
21. Bxd5 Rc2 22. Rab1 Rfc8 23. Rfd1 Kf8 24. Bb3 R2c7 25. Kf1 Ke7 26. Ke2 Nc6
27. Rd2 Na5 {1/2-1/2 Stohl,I-Blatny,P/Prague Kottnauer 1996/TUR 96}) 11. Qxd2
d6 12. Rfd1 b6 13. b4 Bb7 14. c5 dxc5 15. bxc5 Ng6 16. Qd7 Qxd7 17. Rxd7 Nxf4
18. exf4 Rac8 19. cxb6 axb6 20. Rc1 Ra8 21. Bc4 Ba6 22. Bd5 c6 23. Bxc6 Rfc8
24. Rcd1 Rab8 25. Bd5 Rf8 26. h3 g6 27. a4 Kg7 28. Ra7 Be2 29. Rb1 Rbd8 30. Bc6
Rd6 31. Rc7 Rb8 32. a5 b5 33. a6 {1-0 Rogers,I-Dreyer,M/Auckland 1992/EXP 29})
5. Nd2 Nc6 6. a3 Bxd2+ 7. Qxd2 Ngxe5 (7... Ncxe5 $2 8. f3 $18) 8. e3 {Covers d4
} a5 9. Be2 Qe7 10. Nf3 Nxf3+ 11. Bxf3 Ne5 12. Be2 O-O 13. O-O d6 {
Prevents intrusion on e5} 14. Rac1 Be6 $14 (14... Re8 15. Rfd1 $11) 15. c5 Rfd8
16. Qc3 Ng6 17. cxd6 cxd6 {Consolidates e5.} 18. Bg3 d5 19. Rfd1 Rdc8 20. Qd4
Qe8 21. Bf3 Ne7 22. h3 $11 (22. Rxc8 $5 Rxc8 23. Qb6 $16) 22... Nf5 23. Qf4
Nxg3 $14 (23... Qb5 24. Rb1 $11) 24. Qxg3 Qb5 25. Qe5 Rc5 $16 (25... Rc6 $142
$5 $14 {might be a viable alternative}) 26. Rxc5 Qxc5 27. Bxd5 Rd8 28. e4 Qc2
29. Qd4 b5 30. Qd2 Qa4 $2 $18 (30... Qxd2 $142 31. Rxd2 Kf8 $16) 31. Bb3 $3 {
a forceful, logical sacrifice. Do you see the mate threat?} Rxd2 32. Bxa4 $16 (
32. Rxd2 $142 {and the result of the game is clear: White will win} Kf8 33.
Bxa4 bxa4 34. Rd4 $18) 32... Rxd1+ 33. Bxd1 Kf8 34. f4 Bc4 35. Kf2 Ke7 $18 (
35... Be6 36. b4 axb4 37. axb4 $18) 36. Be2 Bxe2 37. Kxe2 Kd6 38. Ke3 (38. b4
axb4 39. axb4 Ke6 $18) 38... Kc5 39. Kd3 b4 (39... h6 40. g4 $18) 40. a4 g6 (
40... h6 $18) 41. b3 h6 42. g4 {White prepares f5} g5 43. f5 Kd6 44. Kd4 f6 45.
Kc4 (45. e5+ fxe5+ 46. Ke4 $18) 45... Kc6 46. Kd3 Kd6 (46... Kd7 {what else?}
47. e5 fxe5 $18) 47. Kd4 (47. Kd4 Kc6 48. e5 $18) 1-0

[Event "Pennant A"]
[Site "Adelaide"]
[Date "1998.11.03"]
[Round "4.3"]
[White "Yang, Song"]
[Black "Riches, L John"]
[Result "1-0"]
[WhiteElo "1329"]
[BlackElo "1724"]
[Annotator "Fritz 5.00 - Anderson-Smith,W"]
[PlyCount "89"]
[EventDate "1998.10.13"]
[EventType "team"]
[EventRounds "6"]
[EventCountry "AUS"]

1. e4 c6 {Caro-Kann Defence} 2. d3 d5 3. Nd2 e5 4. Ngf3 Bd6 5. g3 Bg4 $146 (
5... f5 6. Bg2 (6. Qe2 Nf6 7. exd5 (7. Bg2 O-O 8. O-O Re8 9. Re1 Qc7 10. h3 Na6
11. a3 Nc5 12. exf5 Bxf5 13. Nh4 Bd7 14. b4 Na4 15. Nf1 Nc3 16. Qd2 Nb5 17. c3
a5 18. Bb2 axb4 19. axb4 Rxa1 20. Bxa1 Qc8 21. c4 Nd4 22. Bxd4 exd4 23. Rxe8+
Qxe8 {1/2-1/2 Hartmann,W-Liesecke,A/RLNN 1988/BIG 80}) 7... O-O 8. Nc4 e4 9.
dxe4 fxe4 10. Nd4 Bg4 11. Qd2 cxd5 12. Ne3 Be5 13. c3 Nc6 14. Nec2 Bxd4 15.
Nxd4 e3 16. fxe3 Ne4 17. Qc2 Nxd4 18. exd4 Nf2 {0-1 Schuh,T-Fahimi,M/DLM 1996})
(6. Nh4 fxe4 7. dxe4 Nf6 8. exd5 cxd5 9. c4 O-O 10. Bg2 Bc5 11. O-O Bg4 12. Qc2
Na6 13. cxd5 Rc8 14. Ne4 Nb4 15. Qd2 Nbxd5 16. Nxc5 Rxc5 17. h3 Be6 18. b3 Qc7
19. Ba3 Rc2 20. Qg5 Rd8 {
Gik,E-Radmacher,B/Berlin Summer op 1992/TD 92\11/1-0 (32)}) 6... Nf6 7. O-O O-O
8. c3 Kh8 9. Re1 fxe4 10. dxe4 Bg4 11. h3 Bh5 12. g4 Bg6 13. exd5 Nxd5 14. Nc4
e4 15. Nfe5 Bc5 16. Be3 Bxe3 17. Nxe3 Qg5 18. Nxg6+ hxg6 19. Nxd5 cxd5 20. c4
dxc4 21. Rxe4 Nc6 22. Qe2 Rad8 23. Qxc4 Rd2 24. Re2 Nd4 25. Rxd2 Qxd2 26. Rf1
Qxb2 27. Qc5 Nf3+ 28. Kh1 Rf6 29. Qxa7 Qe5 30. Bxf3 Rxf3 31. Kg2 Qd5 32. Kh2
Kh7 33. Rg1 Rf6 34. g5 Ra6 35. Qe3 Rxa2 36. Rg4 Qd6+ 37. Kg2 Qc6+ 38. Qe4 Ra5
39. h4 Re5 40. Qxc6 bxc6 41. Rc4 Re6 {
1/2-1/2 Huebner,R-Miles,A/Tilburg 1986/CBM 03}) 6. Bg2 Nf6 7. O-O $15 (7. h3
Be6 $11) 7... Qc7 8. Re1 Nbd7 9. Nf1 $15 (9. exd5 cxd5 10. h3 Be6 $11) 9... d4
$11 {This push gains space} (9... dxe4 10. dxe4 Nc5 11. h3 $15) 10. h3 Be6 11.
Nh4 g6 {Secures f5} 12. Nh2 O-O-O 13. a4 (13. c3 h6 $11) 13... Nh5 14. Bd2 Be7
15. N4f3 Bd6 (15... h6 16. b4 $11) 16. b4 b6 $14 (16... h6 17. b5 $14) 17. b5 {
White gains space} Bc5 $16 (17... h6 18. Qb1 $16) 18. bxc6 Nb8 19. a5 Nxc6 (
19... b5 20. Ng5 $14) 20. axb6 Bxb6 21. Ng5 Rde8 22. h4 Kd7 23. Nhf3 Bg4 $2 $18
(23... Ng7 $142 $14 {would keep Black alive}) 24. Nxf7 Rhf8 25. N3xe5+ $1 {
The passed pawn on e4 will quickly become a dangerous weapon. White should
return some of the goodies he has collected. White gets kingsattack} Nxe5 26.
Nxe5+ Rxe5 27. Qxg4+ Ke8 28. f4 Nf6 29. Qf3 Rc5 $2 (29... Nd7 $18) 30. Bb4 Rxc2
{White gets strong play along the open c-file} 31. Bxf8 (31. e5 {
keeps an even firmer grip} Ng8 32. Qa8+ Qc8 33. Qxc8+ Rxc8 34. Bxf8 Kxf8 $18)
31... Kxf8 32. e5 Ne8 33. f5 Qf7 34. fxg6 (34. f6 {seems even better} Qe6 $18)
34... Qxf3 {The mate threat is Qxg2} 35. Bxf3 hxg6 36. Be4 Kg7 37. Rac1 Ra2 (
37... Rc3 $18 {there is nothing else anyway}) 38. Rc8 (38. Rc6 {
keeps an even firmer grip} Ra5 39. Rf1 Rxe5 40. Rxg6+ Kh8 41. Rf8+ Kh7 42. Rf7+
Kh8 $18) 38... Nc7 39. Rc1 Ne6 40. Bd5 Rd2 (40... Re2 {
there is nothing better in the position} 41. Bxe6 Rxe5 42. Rg8+ Kh7 $18) 41.
Bxe6 {Threatening mate: Rg8} Rxd3 42. Rg8+ Kh6 43. Rh8+ $18 (43. Rcc8 Bd8 44.
Rgxd8 Rd1+ 45. Kg2 Rd2+ 46. Kh3 Rh2+ 47. Kxh2 a5 48. Rh8+ Kg7 49. Rcg8#) 43...
Kg7 44. Rcc8 Rxg3+ (44... Bd8 {is no salvation} 45. Rcxd8 Rd1+ 46. Kg2 Rd2+ 47.
Kh3 Rh2+ 48. Kxh2 a5 49. Rdg8#) 45. Kh2 (45. Kh2 Bd8 46. Rcxd8 Rh3+ 47. Kxh3 a5
48. Rdg8#) 1-0

[Event "Pennant A"]
[Site "Adelaide"]
[Date "1998.11.03"]
[Round "4.4"]
[White "Howard, George"]
[Black "Beltsos, Michael"]
[Result "1-0"]
[WhiteElo "1571"]
[BlackElo "1339"]
[Annotator "Fritz 5.00 - Anderson-Smith,W"]
[PlyCount "117"]
[EventDate "1998.10.13"]
[EventType "team"]
[EventRounds "6"]
[EventCountry "AUS"]

1. e4 c5 {Sicilian Defence} 2. f4 d6 (2... d5 3. exd5 Nf6 4. Bb5+ Bd7 5. Bxd7+
Qxd7 6. c4 e6 7. Qe2 Bd6 8. dxe6 (8. d3 O-O 9. dxe6 Qxe6 10. Qxe6 fxe6 11. Nf3
Nc6 (11... Nfd7 12. O-O Bxf4 13. Bxf4 Rxf4 14. Re1 Rf6 15. d4 Nc6 16. dxc5 Nxc5
17. Nc3 Nd3 18. Re2 Raf8 19. Rd1 Nf4 20. Re3 Nh3+ 21. gxh3 Rxf3 22. Rxe6 Rxh3
23. Nd5 {Sveshnikov,E-Aseev,K/Kemerovo/1995/0,5/37/}) 12. Nc3 $5 Rad8 13. O-O
Bc7 14. Ng5 Nd4 15. Be3 Rfe8 16. Bxd4 cxd4 17. Nce4 Ng4 18. Nc5 e5 19. Nge6 Rc8
20. f5 $14 {Campora,D-Polgar,Zs/Biel/1987/}) 8... fxe6 9. d3 Nc6 (9... O-O 10.
Nh3 (10. Nf3 Ng4 11. Nc3 (11. O-O Nc6 12. Ng5 e5 13. Qe4 g6 14. Qd5+ Kh8 15.
Nc3 $36) 11... Nc6 12. O-O Bxf4 13. Qe4 Qd4+ 14. Qxd4 cxd4 15. Bxf4 dxc3 16.
Bd6 Rfd8 17. c5 cxb2 18. Rab1 b6 19. Rxb2 bxc5 20. Bxc5 Rxd3 21. h3 Nf6 22. Rc1
Rad8 23. Kh2 e5 24. Bf2 e4 25. Rxc6 exf3 26. Bxa7 Rd2 27. Rcc2 Rxc2 {
Hartston,W-Tal,M/Tallinn/1979/0,5/35/}) 10... e5 11. O-O Nc6 12. Nc3 Rae8 13.
f5 Nd4 14. Qf2 e4 15. dxe4 Bxh2+ 16. Kh1 Rxe4 17. Bf4 Rxf4 18. Nxf4 Ng4 19. Qh4
Nxf5 {Elmeranta-Rijhimaki/corr/1989/0:1/40/}) 10. Nf3 O-O (10... O-O-O $5 11.
O-O Rhe8 12. Ne5 $5 Bxe5 13. fxe5 Qd4+ 14. Be3 Qxe5 15. Nc3 Nd4 16. Qd2 Nf5 17.
Bf4 Qd4+ 18. Kh1 Qxd3 19. Qe1 $36 {Antoshin,V-Oll,L/Berdiansk(URS-sf/1983/})
11. O-O Rae8 (11... e5 12. f5 Nd4 13. Nxd4 (13. Qd1 e4 $5 14. Nxd4 cxd4 15.
dxe4 Qc7 $5 16. g3 Bxg3 17. hxg3 Qxg3+ 18. Kh1 Qh3+ $10 19. Kg1 Qg3+) 13...
exd4 14. Bg5 Rae8 15. Qf3 Qc7 16. g3 (16. h3 g6 $5 17. Bxf6 Rxf6 18. Qd5+ Kg7
19. Nd2 Re5 $15) 16... Nd7 17. Nd2 Ne5 18. Qd5+ Nf7 (18... Kh8 19. Ne4 $5 Be7
20. Bf4 Bf6 21. Qxc5 $16) 19. Bf4 (19. Ne4 $2 Re5) 19... Bxf4 20. Rxf4 Re5 21.
Qg2 Re3 22. Nf1 Re5 {Campora,D-Shirov,A/Buenos Aires/1993/0,5/42/}) 12. Ne5 $2
(12. Nbd2 e5 13. f5 Qxf5 14. Ne4 Nxe4 15. Qxe4 Qxe4 16. dxe4 Nd4 17. Bd2 Rf7
18. Rf2 Ref8 19. Raf1 h6 20. Be3 Bc7 21. Nd2 Rxf2 22. Rxf2 Rxf2 23. Kxf2 {
Campora,D-Cramling,P/Sevilla/1994/0,5/56/}) (12. Nc3 e5 13. f5 Nd4 (13... Qxf5
14. Bg5 e4 15. dxe4 Nxe4 16. Rae1 Nf6 17. Qd1 Rxe1 18. Rxe1 Nd4 19. Bxf6 Nxf3+
20. Qxf3 Qxf3 21. gxf3 Rxf6 22. Re8+ Rf8 23. Re6 Rd8 24. Kg2 Kf7 25. Re4 {
Short,N-Kasparov,G/Paris active/1990/1-0/52/}) 14. Qe1 (14. Qd2 Qxf5 15. b3 e4
16. dxe4 Nxe4 17. Nxe4 Rxe4 18. Qg5 Nxf3+ 19. gxf3 Re2 {
Evans,L-King,D/London WFW/1988/}) 14... Nxf5 15. Ng5 Bb8 16. Nge4 {
Dorfman,J-Cifuentes,P/Platja d'Aro Barcino/1994/0,5/}) 12... Bxe5 13. fxe5 Nd4
$1 (13... Qd4+ 14. Be3 Qxe5 15. h3 Nd4 16. Qd2 Nc2 17. Qxc2 Qxe3+ 18. Qf2 Qxd3
19. Nc3 Ne4 20. Qh4 Qd4+ 21. Kh2 Qd6+ 22. Kg1 Qd4+ 23. Kh2 Nxc3 24. Qxd4 cxd4
25. bxc3 Rxf1 26. Rxf1 {Pirligras,M-Kapnisis,S/Baile Herculane/1994/0,5/40/})
14. Qd1 Ng4 $1 15. Qxg4 (15. Bf4 Nc2 16. Qxc2 (16. Qxg4 Qd4+ 17. Kh1 Ne3 18.
Qe2 Nxf1 19. g3 g5 20. Nc3 gxf4 21. Rxf1 fxg3 $19) 16... Qd4+ 17. Kh1 Rxf4 18.
Nc3 Nf2+ 19. Rxf2 Rxf2 $19) (15. Rxf8+ Rxf8 16. Qxg4 Nc2) 15... Rxf1+ 16. Kxf1
Rf8+ 17. Kg1 (17. Ke1 Nc2+) 17... Nc2 18. Nc3 Nxa1 19. Nd5 $5 h5 $1 20. Qh3 Nc2
21. Bg5 (21. Ne3 Qf7) 21... Nd4 22. Ne3 (22. Ne7+ $2 Qxe7 23. Bxe7 Ne2+) 22...
Qf7 {0-1 Belotelov,D-Psakhis,L/Biel op 1995/EXP 48}) 3. Nf3 Nc6 4. b3 (4. d3 g6
5. Be2 Bg7 6. O-O e6 7. Qe1 Nge7 8. c3 O-O 9. f5 exf5 10. Qh4 f6 11. exf5 Nxf5
12. Qc4+ Kh8 13. Nh4 Ne5 14. Qa4 Bd7 15. Qe4 Bc6 16. Qf4 Nxh4 17. Qxh4 f5 18.
Qh3 Qb6 19. Nd2 Rae8 20. Rf4 Nxd3 21. Bxd3 c4+ 22. Kh1 cxd3 23. Qxd3 Re1+ 24.
Rf1 Rxf1+ 25. Nxf1 Qf2 26. Ne3 Re8 27. Qf1 Qxf1+ 28. Nxf1 Re1 29. Kg1 Bh6 {
0-1 Niedermayer,B-Heinicke,W/DLMw 1996}) 4... Nf6 $146 (4... f5 5. Nc3 Nf6 6.
e5 dxe5 7. fxe5 Ne4 8. Bd3 Nxc3 9. dxc3 e6 10. Qe2 Be7 11. Be3 Qc7 12. Bf4 Bd7
13. h4 O-O-O 14. O-O-O h6 15. h5 Na5 16. Nd2 a6 17. Bxa6 bxa6 18. Qxa6+ Kb8 19.
a3 Bc8 20. Qb5+ Bb7 21. b4 cxb4 22. axb4 Rd5 23. Qa4 Qxc3 {
0-1 Kravtsov,S-Stripunsky,A/Moscow op2 1995/EXP 50}) 5. d3 {
Prevents intrusion on e4} Bg4 6. Bb2 Nd4 7. Be2 Nxe2 8. Qxe2 Qb6 9. h3 Bxf3 10.
Qxf3 e6 11. Nd2 a6 $14 (11... Be7 12. O-O $11) 12. Nc4 Qc6 13. O-O d5 (13... b5
14. Ne3 $11) 14. exd5 Qxd5 15. Bxf6 (15. f5 b5 16. Na5 Qxf3 17. Rxf3 Be7 $16)
15... Qxf3 ({Less advisable is} 15... gxf6 16. Qxd5 exd5 17. Rfe1+ Kd8 18. Nb6
$18) 16. Rxf3 gxf6 {Controls e5} 17. Rd1 $11 (17. f5 $5 e5 18. Nd2 $11) 17...
Rd8 (17... b5 18. Ne3 $15) 18. Nd2 $15 (18. f5 Ke7 $11) 18... Be7 $11 (18... f5
$5 $15) 19. f5 e5 20. Ne4 {The knight feels good on e4} b5 21. Rd2 O-O 22. Kh2
Rd7 23. g4 Rfd8 24. Rff2 Rd4 25. Rde2 a5 26. Nc3 Rb8 27. Re4 b4 {
Black wins space} 28. Rxd4 exd4 29. Ne4 Rd8 30. h4 h6 31. Kh3 Kh8 32. Re2 Rd5
33. Nd2 Re5 34. Rxe5 fxe5 35. Nc4 f6 36. Nxa5 Kg7 37. Nc4 Kf7 38. a4 bxa3 39.
Nxa3 Ke8 40. Nc4 Kd7 41. Kg3 Kc6 42. Kf3 Kd5 43. Nd2 Bd8 44. Ne4 Kc6 45. g5 {
White gets strong initiative} hxg5 (45... fxg5 46. hxg5 hxg5 47. f6 $18) 46. h5
{The passed pawn on h5 quickly leads to threats} Be7 47. Kg4 Kd7 (47... Kc7 48.
h6 Bf8 49. Kh5 $18) 48. h6 Bf8 49. Nxf6+ {
The passed pawn on f5 will quickly become a dangerous weapon} Ke7 50. Nd5+ Kd6
(50... Kf7 51. Kxg5 c4 52. bxc4 Ba3 $18) 51. Kxg5 Kxd5 (51... Bxh6+ {
cannot change destiny} 52. Kxh6 e4 53. dxe4 $18) 52. Kg6 (52. f6 {
might be the shorter path} Bxh6+ 53. Kxh6 e4 $18) 52... Bxh6 53. Kxh6 Kd6 (
53... e4 {does not solve anything} 54. dxe4+ Kxe4 55. f6 $18) 54. Kg7 c4 55.
bxc4 {The passed pawn on c4 will quickly become a dangerous weapon} Kc5 56. f6
Kb4 57. f7 Kc3 58. f8=Q Kxc2 59. Qf2+ (59. Qf2+ Kd1 60. c5 e4 61. dxe4 d3 62.
c6 d2 63. c7 Kc2 64. c8=Q+ Kd3 65. Qf3+ Kd4 66. Qcc3#) 1-0

[Event "Pennant A"]
[Site "Adelaide"]
[Date "1998.11.10"]
[Round "5.1"]
[White "Sheldrick, Kevin"]
[Black "Sykes, Alexander"]
[Result "1/2-1/2"]
[WhiteElo "1801"]
[BlackElo "1904"]
[Annotator "Fritz 5.00 - Anderson-Smith,W"]
[PlyCount "90"]
[EventDate "1998.10.13"]
[EventType "team"]
[EventRounds "6"]
[EventCountry "AUS"]

1. e4 d6 2. d4 Nf6 3. Nc3 g6 4. f4 Bg7 5. Nf3 {Pirc Defence} c5 6. Bb5+ Bd7 7.
e5 Ng4 8. h3 (8. e6 Bxb5 (8... fxe6 $5 9. Ng5 Bxb5 10. Nxb5 Qa5+ 11. c3 Qxb5
12. Nxe6 Na6 13. Nxg7+ Kf7 14. Qxg4 $5 (14. Ne6 Nf6 15. Ng5+ Kg7 16. Ne6+ $11 {
Van der Wiel,J-Seirawan,Y,Luzern tt 1989-CBM 16}) 14... Kxg7 15. Be3 Qxb2 16.
O-O Qxc3 17. Rae1 Rhf8 $1 18. f5 Rxf5 {Anand,V-Gurevich,M,Linares 1991-CBM 22}
19. Bh6+ $1 Kxh6 20. Qh4+ Rh5 21. Qf4+ Rg5 22. Qh4+ $11 {Gurevich,M}) 9. exf7+
Kd7 10. Nxb5 Qa5+ 11. Nc3 cxd4 12. Nxd4 Bxd4 $1 (12... h5 13. h3 Nc6 14. Nde2
Nh6 15. Be3 Rhf8 (15... Nf5 16. Bf2 h4 17. a3 Nd8 18. Qd3 Nxf7 19. O-O Bxc3 20.
Nxc3 Rhc8 21. Rfe1 Qa6 22. Qd5 Nd8 23. Qg8 Qc4 24. Qxg6 Qf7 25. Qg4 Ne6 26. Qf3
Rc6 27. Re4 Nf8 28. Qd3 Ng6 29. Qb5 Kc8 30. Nd5 e6 31. Rae1 Nf8 32. c4 Qg6 33.
Qa5 Kb8 34. Ne7 {1-0 Wolff,P-Lobron,E/New York op 1988/CBM 08}) 16. Qd3 Nf5 17.
Bf2 Rxf7 18. O-O-O h4 19. Kb1 Rc8 20. Qe4 Nd8 21. Rhe1 $14 {
Beliavsky,A-Tal,M,Brussels 1988-CBM 07}) 13. Qxd4 Nc6 14. Qc4 $1 Rhf8 15. Bd2
Rac8 16. h3 $5 {N} Nf6 17. O-O-O Qa6 $8 18. Qxa6 bxa6 19. Rhe1 Rxf7 20. b3 Nd4
$6 (20... h5 $142 $5 $132) 21. Kb2 Nh5 22. Re4 Nb5 23. Ne2 $1 Nf6 24. Ra4 Nc7
$8 25. Be3 Ra8 26. c4 $1 Kc6 27. Nd4+ Kd7 28. Nf3 Kc6 29. Nd4+ Kd7 30. Ra5 $1
Rff8 31. g4 Ne4 32. f5 gxf5 33. Nxf5 Rf7 34. Re5 Nf6 $8 35. Rxe7+ $1 Rxe7 36.
Rxd6+ Ke8 37. Rxf6 Rd7 $8 38. Bf4 Kd8 39. Rf8+ Ne8 40. Bd6 $1 $18 h6 41. c5 Rc8
42. Nd4 {1-0 Beliavsky,A-Kanstler,B/URS-chT Azov 1991}) 8... cxd4 9. Qxd4 Bxb5
10. Nxb5 Nh6 $146 {Black gets in control} (10... Qa5+ 11. Qc3 Qxc3+ 12. bxc3
Nh6 13. Nc7+ Kd7 14. Nxa8 Nc6 (14... Na6 15. Rb1 Nc5 16. Be3 Rxa8 17. Bxc5 dxc5
18. Rxb7+ Kc6 19. Rb1 Nf5 20. Kf2 h5 21. g4 Nh6 22. Kg3 Rd8 23. Rhd1 Ra8 24. c4
Bf8 25. Rb5 a6 26. Rb3 Ra7 27. Rb8 Bg7 28. Rc8+ Rc7 29. Rxc7+ Kxc7 30. Rd5 Kc6
31. Nd2 Bf8 32. Ne4 e6 33. Rd8 Bg7 34. Rc8+ {
1-0 Brettschneider,S-Rudolf,H/GER-chJ U17 1991/TD 91\04}) 15. Nb6+ (15. Rb1
Rxa8 16. Rxb7+ Kc8 17. Rb5 Nf5 18. O-O a6 19. Rd5 e6 20. Rd3 dxe5 21. fxe5 Bxe5
22. g4 Nfe7 23. Ng5 f6 24. Nxe6 g5 25. Bxg5 {
1-0 Van den Brink,P-Leuw,M/Leeuwarden op 1993/TD 93\09}) 15... axb6 16. Kf2
dxe5 17. fxe5 e6 18. Be3 Nf5 19. Rhd1+ Kc7 20. Bd4 Ra8 21. Rdb1 Ncxd4 22. cxd4
Bh6 23. Ke2 Ra4 24. Kd3 Bf4 25. c3 Ne7 26. Nd2 Nd5 27. Ne4 h5 28. g3 Bh6 29.
Rf1 {1-0 Kunovac,D-Stanic,Z/JUG-chT 1989/TD 89\07}) (10... Nc6 11. Qe4 Qb6 12.
hxg4 Qxb5 13. Bd2 dxe5 14. Bc3 O-O-O 15. Rd1 Rxd1+ 16. Kxd1 Rd8+ 17. Kc1 Nd4
18. Bxd4 exd4 19. Rxh7 Bh8 20. Qd3 Qd5 21. c4 Qd6 22. g3 f6 23. Qe4 Qa6 24. Nd2
e5 25. Qh1 Bg7 26. Rxg7 {1-0 Delaney,J-Brown,P/Novi Sad olm 1990/TD 90\06}) 11.
Qd5 Nc6 12. exd6 O-O 13. O-O $11 (13. d7 e6 14. Qd3 a6 $11) 13... exd6 {
Covers e5.} 14. Re1 $15 (14. c4 $5 $11) 14... Nf5 $11 (14... Nb4 $5 15. Qc4
Nxc2 16. Qxc2 Qb6+ 17. Be3 Qxb5 $17) 15. g4 Nh4 16. c3 $4 $19 {
Prevents intrusion on b4+d4} (16. Nh2 $142 {was a good chance to save the game}
Nb4 17. Qc4 (17. Qxb7 Nxc2 18. Bd2 Rb8 $19 (18... Nxa1 $143 19. Rxa1 Rb8 20.
Qxa7 Rxb5 21. Rb1 $19)) 17... Qb6+ 18. Be3 $17) 16... Nxf3+ 17. Qxf3 Qb6+ 18.
Nd4 Bxd4+ (18... Nxd4 $6 19. cxd4 Rfe8 20. Rd1 Bxd4+ 21. Kh1 $19) 19. cxd4 (19.
Kg2 {is no salvation} Bg7 $19) 19... Nxd4 {Threatening mate... how?.} (19...
Qxd4+ 20. Be3 Qxb2 21. Rab1 Qxa2 22. Rxb7 $19) 20. Qe3 (20. Qf2 {
cannot undo what has already been done} Nf3+ 21. Kg2 Qxf2+ 22. Kxf2 Nxe1 23.
Kxe1 Rac8 $19) 20... Nc2 (20... Rae8 $142 {and Black has reached his goal} 21.
Rb1 (21. Qxe8 $4 Ne2+ 22. Kg2 Rxe8 $19) 21... Rxe3 22. Bxe3 $19) 21. Qxb6 axb6
22. Bd2 Nxa1 23. Rxa1 Rfc8 24. Bc3 f5 25. Rd1 Rc6 26. a3 fxg4 27. hxg4 Rf8 28.
Rd4 Kf7 29. Kf2 Ke6 30. Kf3 d5 31. Rb4 Rf7 32. Bd4 Kd6 (32... h5 33. Bxb6 h4
34. Kg2 $19) 33. Rb5 (33. Bxb6 h5 $19) 33... Rc4 (33... h5 34. gxh5 gxh5 35.
Rb3 $19) 34. Ke3 (34. Rxb6+ Kc7 35. Rf6 Rxf6 36. Bxf6 Kd6 $19) 34... Re7+ 35.
Kd3 Re4 36. Be3 Rxf4 $17 (36... Rc6 $142 $5 $19) 37. Bxf4+ Rxf4 38. Rxb6+ Kc7
39. Re6 Rxg4 40. Re7+ Kc6 41. Rxh7 b6 42. Rh8 Kb5 43. Rd8 d4 $15 (43... Rg3+
44. Kd4 Rb3 45. Rxd5+ Ka4 46. Rd7 Rxb2 47. Ra7+ Kb5 48. a4+ Kc6 49. a5 Rb4+ 50.
Ke3 bxa5 51. Rxa5 $15) 44. Ra8 (44. Rxd4 $4 {White will choke on that pawn}
Rxd4+ 45. Kxd4 Ka4 $19) 44... Kc5 $11 (44... Rf4 $5 $15) 45. Rc8+ Kd5 1/2-1/2